Studies in the forty days between Christ's resurrection and ascension. (Record no. 7597)

000 -LEADER
fixed length control field 00587nam a2200181 a 4500
001 - CONTROL NUMBER
control field :::00005358$&:&@@
003 - CONTROL NUMBER IDENTIFIER
control field OkBaRHE
005 - DATE AND TIME OF LATEST TRANSACTION
control field 20000607103325.0
008 - FIXED-LENGTH DATA ELEMENTS--GENERAL INFORMATION
fixed length control field s1884 j 000 0 eng u
040 ## - CATALOGING SOURCE
Transcribing agency
100 1# - MAIN ENTRY--PERSONAL NAME
Personal name Lipscomb, A. A.
245 10 - TITLE STATEMENT
Title Studies in the forty days between Christ's resurrection and ascension.
260 ## - PUBLICATION, DISTRIBUTION, ETC. (IMPRINT)
Place of publication, distribution, etc Nashville, TN., :
Name of publisher, distributor, etc Southern Methodist Publishing House
Date of publication, distribution, etc 1884
300 ## - PHYSICAL DESCRIPTION
Extent 362 p.
650 ## - SUBJECT ADDED ENTRY--TOPICAL TERM
Topical term or geographic name as entry element Jesus Christ Resurrection
942 ## - ADDED ENTRY ELEMENTS (KOHA)
Source of classification or shelving scheme
Koha item type Books
Copies
Permanent Location Source of classification or shelving scheme Lost status Not for loan Koha item type Withdrawn status Full call number Damaged status Date acquired Shelving location Barcode Copy number Date last seen Price effective from
RHEMA Bible Training College   Books BT 481 .L5 2010-04-14General Stacks535812010-04-142010-04-14